Tìm hiểu luật thương mại và văn bản hướng dẫn thi hành năm 2014
Những qui định, nghị định của chính phủ về quản lý xuất nhập khẩu hàng hoá, qui chế ghi nhãn hàng hoá, văn phòng đại diện... và văn bản thi hành luật thương mại
保存先:
| 共著者: | , |
|---|---|
| フォーマット: | 図書 |
| 言語: | Undetermined |
| 出版事項: |
Hà Nội
Lao động - xã hội
2014
|
| 主題: | |
| タグ: |
タグ追加
タグなし, このレコードへの初めてのタグを付けませんか!
|
| Thư viện lưu trữ: | Trung tâm Học liệu Trường Đại học Cần Thơ |
|---|
| LEADER | 01061nam a2200229Ia 4500 | ||
|---|---|---|---|
| 001 | CTU_188626 | ||
| 008 | 210402s9999 xx 000 0 und d | ||
| 020 | |c 48000 | ||
| 082 | |a 346.59707 | ||
| 082 | |b V308 | ||
| 110 | |a Việt Nam (Cộng hòa xã hội chủ nghĩa) | ||
| 110 | |b Quốc hội | ||
| 245 | 0 | |a Tìm hiểu luật thương mại và văn bản hướng dẫn thi hành năm 2014 | |
| 245 | 0 | |c Việt Nam (Cộng hòa xã hội chủ nghĩa). Quốc hội | |
| 260 | |a Hà Nội | ||
| 260 | |b Lao động - xã hội | ||
| 260 | |c 2014 | ||
| 520 | |a Những qui định, nghị định của chính phủ về quản lý xuất nhập khẩu hàng hoá, qui chế ghi nhãn hàng hoá, văn phòng đại diện... và văn bản thi hành luật thương mại | ||
| 650 | |a Commercial law,Luật thương mại | ||
| 650 | |z VietNam,Việt Nam | ||
| 910 | |a Phan Truờng Nhất,Hải | ||
| 980 | |a Trung tâm Học liệu Trường Đại học Cần Thơ | ||